| 000 | 01193nam1a22003611 4500 | ||
|---|---|---|---|
| 001 | RU\NLR\A1SV\53486 | ||
| 005 | 20251203171251.9 | ||
| 035 | _a(NLR Aleph) 009735451 | ||
| 090 |
_a9924488 _c9924488 |
||
| 100 | _a20260120 rusy50 | ||
| 101 | 0 | _arus | |
| 102 | _aRU | ||
| 200 | 1 |
_aСтроительное искусство _fН.Н.Клименко, гражд. инж., преп. Воен.-инж. акад. |
|
| 210 |
_aЛ. _cКасса взаимопомощи Электротехн. фак. Воен.-инж. акад. _d1924-1925 |
||
| 215 | _d27 см | ||
| 300 | _aНапеч. на печ. маш. Литогр. | ||
| 300 | _aНа правах рукописи | ||
| 620 | _dСанкт-Петербург | ||
| 700 | 1 |
_aКлименко _bН.Н. _f1879-1927 _gНикита Николаевич |
|
| 801 | 0 |
_aRU _bNLR _c20050710 |
|
| 899 |
_aРНБ _j6/263 |
||
| 899 |
_aРНБ _j6/263а |
||
| 899 | _aБАН | ||
| 899 |
_aСПбГУ _z(Ч.2) |
||
| 899 | _aРГБ | ||
| 899 | _aКирОУНБ | ||
| 899 | _aНГОУНБ | ||
| 899 |
_aНБ Бел. _z(Ч.1, ч.2, вып.2) |
||
| 942 | _cBOOK | ||
| 980 | _aNB | ||
| 980 | _aA1SV | ||
| 980 | _aA1SV | ||